[Event "Mechanics' Irving Chernev TNM; 30/90, SD"]
[Site "San Francisco"]
[Date "2008.08.26"]
[Round "4.25"]
[White "Morgan, Jerry"]
[Black "Reyes, Edsel Delos"]
[Result "1-0"]
[WhiteElo "1425"]
[BlackElo "1360"]
[PlyCount "87"]
[EventDate "2008.??.??"]

1. f4 c5 2. Nf3 d6 3. e4 Nf6 4. d3 e6 5. Be2 Be7 6. O-O O-O 7. Na3 Nc6 8. Qe1
Nd7 9. c3 a6 10. d4 b5 11. d5 exd5 12. exd5 Na7 13. c4 bxc4 14. Nxc4 Bb7 15.
Qd2 Nf6 16. Ne3 Qd7 17. Bc4 Nc8 18. b3 Nb6 19. Bb2 Nxc4 20. bxc4 a5 21. Qc2 Ne8
22. Ng5 Bxg5 23. fxg5 Qd8 24. Qf5 Bc8 25. Qf4 Ra7 26. h4 g6 27. Ng4 Bxg4 28.
Qxg4 Qd7 29. Qf4 Ng7 30. Bxg7 Kxg7 31. Qf6+ Kg8 32. Rae1 Qd8 33. Re3 Qxf6 34.
gxf6 h5 35. Rb1 Ra6 36. Rb7 Raa8 37. Ree7 Rae8 38. Rbd7 Rd8 39. Kf2 a4 40. Ke3
Rxd7 41. Rxd7 Rb8 42. Kf4 Rb2 43. Kg5 Rf2 44. Kh6 1-0

[Event "Mechanics' Irving Chernev TNM; 30/90, SD"]
[Site "San Francisco"]
[Date "2008.08.26"]
[Round "4.26"]
[White "Frank, Robert"]
[Black "Liu, Chang"]
[Result "1-0"]
[WhiteElo "1245"]
[BlackElo "1155"]
[PlyCount "59"]
[EventDate "2008.??.??"]

1. d4 Nf6 2. Nf3 g6 3. g3 Bg7 4. Bg2 O-O 5. O-O Nc6 6. c4 d6 7. d5 Na5 8. Qa4
b6 9. Nbd2 e5 10. e4 Ne8 11. b4 Nb7 12. Rb1 a5 13. a3 f5 14. Qc2 a4 15. Re1 f4
16. Nf1 g5 17. h3 g4 18. hxg4 Bxg4 19. N1h2 Bh5 20. g4 Bg6 21. Bh3 Nf6 22. Ng5
Qe7 23. Ne6 Rf7 24. f3 h5 25. Qg2 hxg4 26. Nxg4 Nd8 27. Nh6+ Kh7 28. Nxf7 Nxf7
29. Bf5 Bxf5 30. Qxg7# 1-0

[Event "Mechanics' Irving Chernev TNM; 30/90, SD"]
[Site "San Francisco"]
[Date "2008.09.02"]
[Round "5.1"]
[White "Argishti, Dante"]
[Black "Pearson, Michael"]
[Result "0-1"]
[WhiteElo "1996"]
[BlackElo "2276"]
[PlyCount "112"]
[EventDate "2008.??.??"]

1. d4 d5 2. c4 c6 3. Nf3 Nf6 4. Nc3 dxc4 5. e3 b5 6. a4 Nd5 7. Be2 e6 8. O-O
Nd7 9. e4 Nxc3 10. bxc3 Bb7 11. Qc2 Qc7 12. e5 Be7 13. Ng5 Bxg5 14. Bxg5 O-O
15. Be7 Rfe8 16. Bd6 Qc8 17. f4 f5 18. Qb1 a6 19. g4 Nb6 20. a5 Nd5 21. Qc1 c5
22. Bxc5 Qc6 23. Bf3 fxg4 24. Be4 g6 25. Qd2 Qd7 26. Bg2 Ne7 27. Rae1 Nf5 28.
Qe2 h5 29. Be4 Bxe4 30. Qxe4 Rad8 31. Kf2 Qd5 32. Qxd5 Rxd5 33. Re4 Kf7 34. Rg1
Rg8 35. Ba3 Ke8 36. Ree1 Kd7 37. Rd1 Kc6 38. h3 g3+ 39. Kf3 g5 40. fxg5 Rxg5
41. Bc1 Rg8 42. Ke4 h4 43. Ba3 g2 44. Rd2 Rg3 45. Bb4 Rd7 46. Rdxg2 Re3+ 47.
Kf4 Rxh3 48. Rg6 Kd5 49. Kg5 Rf7 50. Kg4 Rg3+ 51. Rxg3 hxg3 52. Kh3 Rh7+ 53.
Kg2 Rh2+ 54. Kg1 Rc2 55. Rg8 Ke4 56. d5 Kf3 {W time expired} 0-1

[Event "Mechanics' Irving Chernev TNM; 30/90, SD"]
[Site "San Francisco"]
[Date "2008.09.02"]
[Round "5.2"]
[White "Gray, William"]
[Black "Snyder, Larry"]
[Result "1-0"]
[WhiteElo "2043"]
[BlackElo "2037"]
[PlyCount "61"]
[EventDate "2008.??.??"]

1. e4 e5 2. Nf3 Nf6 3. Nxe5 d6 4. Nf3 Nxe4 5. d4 d5 6. Bd3 Nc6 7. O-O Be7 8. c4
Nb4 9. Be2 O-O 10. a3 Nc6 11. cxd5 Qxd5 12. Nc3 Nxc3 13. bxc3 Bf5 14. c4 Qd6
15. d5 Ne5 16. Nd4 Bc8 17. a4 Re8 18. Ra3 c6 19. dxc6 Nxc6 20. Nxc6 Qxc6 21.
Bf3 Qxc4 22. Bd5 Qa6 23. Rb3 Be6 24. Bxe6 fxe6 25. Qd7 b6 26. Qxe6+ Kh8 27. Rh3
Qc8 28. Qe4 Kg8 29. Qxh7+ Kf8 30. Rf3+ Bf6 31. Rxf6+ 1-0

[Event "Mechanics' Irving Chernev TNM; 30/90, SD"]
[Site "San Francisco"]
[Date "2008.09.02"]
[Round "5.3"]
[White "de Guzman, Ricardo"]
[Black "Livschitz, Louiza"]
[Result "1-0"]
[WhiteElo "2438"]
[BlackElo "1992"]
[PlyCount "59"]
[EventDate "2008.??.??"]

1. e4 c5 2. Nc3 e6 3. Nf3 d5 4. Bb5+ Nc6 5. d4 a6 6. exd5 exd5 7. Bxc6+ bxc6 8.
O-O Bd6 9. dxc5 Bxc5 10. Be3 Bxe3 11. fxe3 Nf6 12. Na4 O-O 13. Qd4 Re8 14. b3
Qe7 15. Qc5 Bg4 16. Qxe7 Rxe7 17. Nd4 Rxe3 18. h3 Re4 19. c3 Be2 20. Rfe1 Bb5
21. Nc5 Rxe1+ 22. Rxe1 Ne4 23. Nxe4 dxe4 24. Rxe4 Bd3 25. Re5 Kf8 26. Kf2 Rc8
27. Rc5 Be4 28. b4 g6 29. g4 Ke7 30. Re5+ 1-0

[Event "Mechanics' Irving Chernev TNM; 30/90, SD"]
[Site "San Francisco"]
[Date "2008.09.02"]
[Round "5.4"]
[White "Thornally, Frank"]
[Black "Sandberg, Evan"]
[Result "1/2-1/2"]
[WhiteElo "2224"]
[BlackElo "1954"]
[PlyCount "63"]
[EventDate "2008.??.??"]

1. Nf3 Nf6 2. c4 c6 3. d4 d5 4. Nc3 e6 5. Bg5 h6 6. Bxf6 Qxf6 7. e3 Nd7 8. Bd3
dxc4 9. Bxc4 g6 10. O-O Bg7 11. e4 e5 12. d5 Nb6 13. Be2 O-O 14. dxc6 bxc6 15.
Qc2 Bg4 16. Nd2 Bxe2 17. Nxe2 Rac8 18. Rfd1 Qe6 19. b3 Rfd8 20. Qc3 Rd7 21. Nf1
f5 22. Rxd7 Qxd7 23. f3 f4 24. Rc1 h5 25. Rc2 g5 26. Rd2 Qe7 27. h3 Bf8 28. g4
Qc5+ 29. Qxc5 Bxc5+ 30. Kg2 hxg4 31. hxg4 Bb4 32. Rc2 1/2-1/2

[Event "Mechanics' Irving Chernev TNM; 30/90, SD"]
[Site "San Francisco"]
[Date "2008.09.02"]
[Round "5.5"]
[White "Shakhnazarov, Oleg"]
[Black "Krasnov, Steven"]
[Result "1-0"]
[WhiteElo "2148"]
[BlackElo "1950"]
[PlyCount "57"]
[EventDate "2008.??.??"]

1. e4 c5 2. Nf3 Nc6 3. Nc3 e6 4. e5 a6 5. Bd3 Qc7 6. Qe2 b5 7. O-O Bb7 8. Be4
g6 9. d3 Bg7 10. Be3 d5 11. exd6 Qxd6 12. Rad1 f5 13. Bxc6+ Qxc6 14. d4 b4 15.
d5 Qc8 16. Na4 Bxd5 17. Nb6 Qc6 18. Nxd5 exd5 19. Bxc5+ Kd7 20. Bxb4 Re8 21.
Qd3 Nf6 22. c4 Qb6 23. Qa3 Re4 24. Bc5 Qb7 25. b4 Kc8 26. b5 axb5 27. cxb5 Qxb5
28. Bd4 Kd7 29. Qa7+ 1-0

[Event "Mechanics' Irving Chernev TNM; 30/90, SD"]
[Site "San Francisco"]
[Date "2008.09.02"]
[Round "5.6"]
[White "Gaffagan, Steven"]
[Black "Manvelyan, Hayk"]
[Result "1/2-1/2"]
[WhiteElo "2022"]
[BlackElo "1874"]
[PlyCount "83"]
[EventDate "2008.??.??"]

1. c4 Nf6 2. Nc3 b6 3. d4 Bb7 4. Qc2 e6 5. e4 d5 6. cxd5 exd5 7. e5 Nfd7 8. Nf3
Be7 9. Bd3 h6 10. e6 fxe6 11. Bg6+ Kf8 12. Qe2 Bd6 13. Qxe6 Qe7 14. Qxe7+ Kxe7
15. O-O Kf6 16. Bc2 c6 17. a3 Na6 18. h4 Nc7 19. Rd1 Ne6 20. b4 b5 21. Bd2 Nb6
22. Ne2 Nc4 23. Bc3 Rhe8 24. Kf1 Nf4 25. Bd3 Nxd3 26. Rxd3 Bc8 27. Rdd1 Bf5 28.
Nc1 Bc2 29. Re1 Rxe1+ 30. Nxe1 Bf5 31. a4 bxa4 32. Rxa4 Ke6 33. Ra6 Kd7 34. Nf3
Kc7 35. Ra2 Kb6 36. Ne5 a6 37. Kg1 Ra7 38. Ncd3 Bc8 39. g3 Re7 40. Kg2 g5 41.
hxg5 hxg5 42. Kf3 1/2-1/2

[Event "Mechanics' Irving Chernev TNM; 30/90, SD"]
[Site "San Francisco"]
[Date "2008.09.02"]
[Round "5.7"]
[White "Grey, Peter"]
[Black "Persidsky, Andre"]
[Result "0-1"]
[WhiteElo "2000"]
[BlackElo "1818"]
[PlyCount "57"]
[EventDate "2008.??.??"]

1. e4 d6 2. d4 Nf6 3. Nc3 g6 4. f4 Bg7 5. Nf3 b6 6. Bd3 Bb7 7. O-O O-O 8. Qe1
e6 9. e5 Nfd7 10. Ne4 dxe5 11. fxe5 Nc6 12. Bg5 Ne7 13. Qh4 Re8 14. g4 Bxe4 15.
Bxe4 Rc8 16. Bf6 h6 17. g5 h5 18. Qf2 c5 19. d5 exd5 20. Bxd5 Bxf6 21. gxf6
Nxd5 22. Qd2 Nxe5 23. Nxe5 Rxe5 24. Qh6 Qf8 25. Qd2 Rce8 26. Rad1 Ne3 27. -- {
unknown move} Nxf1 28. Rxf1 Re2 29. Qd3 0-1

[Event "Mechanics' Irving Chernev TNM; 30/90, SD"]
[Site "San Francisco"]
[Date "2008.09.02"]
[Round "5.8"]
[White "Riese, Kayven"]
[Black "Goins, Demetrius"]
[Result "0-1"]
[WhiteElo "1823"]
[BlackElo "1996"]
[PlyCount "52"]
[EventDate "2008.??.??"]

1. e4 c5 2. Nf3 d6 3. d4 cxd4 4. Nxd4 Nf6 5. Nc3 a6 6. Bg5 e6 7. f4 Nbd7 8. Qf3
Be7 9. O-O-O Qc7 10. Bd3 b5 11. Rhe1 Bb7 12. Qg3 h6 13. Bxf6 Bxf6 14. Nd5 exd5
15. exd5+ Kd8 16. Nc6+ Bxc6 17. dxc6 Nc5 18. Be2 Re8 19. Qa3 Ke7 20. g4 Kf8 21.
Qg3 Ne4 22. Qg2 Qxc6 23. Bf3 d5 24. Rh1 Qc5 25. Rd3 Qd6 26. Kb1 Qb4 0-1

[Event "Mechanics' Irving Chernev TNM; 30/90, SD"]
[Site "San Francisco"]
[Date "2008.09.02"]
[Round "5.9"]
[White "Afkham-Ebrahimi, Payam"]
[Black "Farzaneh-Far, Ramin"]
[Result "0-1"]
[WhiteElo "1929"]
[BlackElo "1823"]
[PlyCount "109"]
[EventDate "2008.??.??"]

1. f4 e5 2. fxe5 d6 3. Nf3 dxe5 4. e4 Nc6 5. Bc4 Bc5 6. d3 Bg4 7. h3 Bh5 8. g4
Bg6 9. Bg5 f6 10. Bh4 Qd7 11. Nc3 Nge7 12. Qd2 h5 13. O-O-O hxg4 14. hxg4 Qxg4
15. Rdf1 O-O-O 16. Kb1 Rh5 17. Nd5 Rdh8 18. b4 Bb6 19. Nxb6+ axb6 20. Rhg1 Qh3
21. Bg3 Kb8 22. a3 Qd7 23. Qf2 Be8 24. Nh4 Nd4 25. c3 Nb5 26. Kb2 Nd6 27. Bb3
Bf7 28. Bd1 R5h6 29. Nf3 Qe6 30. Ka1 Nb5 31. c4 Nc3 32. Kb2 Nxd1+ 33. Rxd1 Rd8
34. b5 g5 35. Qe3 Ng6 36. Rgf1 Rh3 37. Ng1 Rhh8 38. Ne2 Nf4 39. Nc3 Bh5 40. Rd2
Rhf8 41. Rh1 Bg6 42. Rh6 Rh8 43. Rxh8 Rxh8 44. Rh2 Rxh2+ 45. Bxh2 Qg4 46. Bg3
Nh5 47. Bf2 Nf4 48. Kc2 Qg2 49. Ne2 Nh3 50. Be1 Bh5 51. Kd2 Nf4 52. Qf2 Qxf2
53. Bxf2 Bxe2 54. Ke3 Bxd3 55. Bg3 0-1

[Event "Mechanics' Irving Chernev TNM; 30/90, SD"]
[Site "San Francisco"]
[Date "2008.09.02"]
[Round "5.10"]
[White "Delaney, Will"]
[Black "Sainz, Guadalupe"]
[Result "0-1"]
[WhiteElo "1800"]
[BlackElo "1835"]
[PlyCount "86"]
[EventDate "2008.??.??"]

1. Nf3 Nf6 2. d4 e6 3. c3 b6 4. Bg5 Bb7 5. Nbd2 d5 6. e3 Be7 7. Bd3 O-O 8. O-O
Nbd7 9. Re1 c5 10. Rc1 h6 11. Bh4 Rc8 12. Qe2 Ne4 13. Bxe7 Qxe7 14. Nf1 Ndf6
15. Ne5 cxd4 16. exd4 Nd7 17. f4 Nxe5 18. fxe5 f6 19. exf6 Rxf6 20. Bxe4 dxe4
21. Ne3 Bd5 22. c4 Bb7 23. Qh5 Rcf8 24. Qe5 Qb4 25. Re2 Ba6 26. b3 b5 27. Qxe4
bxc4 28. d5 Qa3 29. Rxc4 Bxc4 30. Qxc4 exd5 31. Qxd5+ Kh8 32. Qc4 Qa5 33. g3
Qb6 34. Kg2 Rf3 35. Qe4 R3f7 36. Ng4 Kg8 37. Qc4 Qb7+ 38. Kh3 Qd7 39. Re6 Qc8
40. Rc6 Qf5 41. Rc5 Qd7 42. Kh4 Kh8 43. Ne5 g5+ 0-1

[Event "Mechanics' Irving Chernev TNM; 30/90, SD"]
[Site "San Francisco"]
[Date "2008.09.02"]
[Round "5.11"]
[White "Manvelyan, Hovik"]
[Black "Chernobilskiy, Mikhail"]
[Result "1/2-1/2"]
[WhiteElo "1869"]
[BlackElo "1790"]
[PlyCount "77"]
[EventDate "2008.??.??"]

1. e4 c5 2. Nc3 e5 3. f4 d6 4. Nf3 Nc6 5. Bc4 Bg4 6. O-O Bxf3 7. Qxf3 Nd4 8.
Qh5 g6 9. Bxf7+ Kxf7 10. fxe5+ Kg7 11. Qd1 dxe5 12. Nd5 Qd7 13. c3 Ne6 14. Qf3
Nf4 15. Nxf4 exf4 16. Qxf4 Bd6 17. Qg5 Re8 18. d3 Re5 19. Qe3 Rh5 20. g3 Nf6
21. Qe1 Qh3 22. Qf2 Rf8 23. Qg2 Ng4 24. Qxh3 Rxh3 25. Rxf8 Kxf8 26. Bf4 Bxf4
27. Rf1 Nxh2 28. Rxf4+ Ke7 29. Kg2 Rh5 30. e5 g5 31. Rc4 b6 32. b4 cxb4 33.
cxb4 Kd7 34. b5 Rh6 35. e6+ Kd8 36. Rd4+ Ke7 37. Rc4 Kd8 38. Rd4+ Ke7 39. Rc4
1/2-1/2

[Event "Mechanics' Irving Chernev TNM; 30/90, SD"]
[Site "San Francisco"]
[Date "2008.09.02"]
[Round "5.12"]
[White "Chan, John"]
[Black "Russell, Joe"]
[Result "1/2-1/2"]
[WhiteElo "1696"]
[BlackElo "1861"]
[PlyCount "92"]
[EventDate "2008.??.??"]

1. c4 e5 2. Nc3 g6 3. h3 Bg7 4. e4 Ne7 5. Nf3 d6 6. d3 Nbc6 7. Be3 f5 8. g3 O-O
9. Be2 a6 10. Qd2 Rb8 11. Bh6 b5 12. Bxg7 Kxg7 13. h4 fxe4 14. dxe4 Bg4 15. Ng5
Qd7 16. f3 Be6 17. Nxe6+ Qxe6 18. h5 Nd4 19. hxg6 Qxg6 20. O-O-O b4 21. Nd5
Nxd5 22. cxd5 Nxf3 23. Qc2 Qg5+ 24. Kb1 Qe7 25. Bc4 a5 26. Rh5 Rf7 27. Rdh1 Kg8
28. Qc1 Qf6 29. Rf5 Qg6 30. Bd3 Rbf8 31. Rf1 Rxf5 32. exf5 Qg4 33. Ka1 e4 34.
Bb1 Rf7 35. Qe3 Re7 36. f6 Re5 37. Qa7 Qd7 38. Rh1 Ng5 39. Qxa5 Kf7 40. Qxb4
Kxf6 41. Qc3 Kg6 42. a3 Rxd5 43. Qh8 Qg7 44. Qe8+ Qf7 45. Bxe4+ Nxe4 46. Qxe4+
Qf5 1/2-1/2

[Event "Mechanics' Irving Chernev TNM; 30/90, SD"]
[Site "San Francisco"]
[Date "2008.09.02"]
[Round "5.13"]
[White "Smelansky, Vadim"]
[Black "Livschitz, Jennifer"]
[Result "1-0"]
[WhiteElo "1853"]
[BlackElo "1645"]
[PlyCount "105"]
[EventDate "2008.??.??"]

1. e4 e5 2. Nf3 Nc6 3. Bc4 Nf6 4. d4 exd4 5. e5 d5 6. Bb5 Ne4 7. Nxd4 Bd7 8.
Nxc6 bxc6 9. Bd3 Bc5 10. Bxe4 dxe4 11. Bf4 O-O 12. O-O Bf5 13. Qe2 Bb6 14. Nd2
Qd4 15. c3 Qd3 16. Rfe1 Rfe8 17. Nxe4 Qxe2 18. Rxe2 f6 19. Ng3 Bd3 20. Rd2 fxe5
21. Bxe5 Rxe5 22. Rxd3 Rae8 23. Kf1 Rf8 24. Rd2 h5 25. Re1 Ra5 26. b4 Rb5 27.
a4 Rd5 28. Ree2 a5 29. Rxd5 cxd5 30. Nxh5 axb4 31. cxb4 g6 32. Ng3 Rf4 33. Rb2
Bd4 34. Ra2 Ba7 35. b5 d4 36. f3 g5 37. h3 Rf7 38. Ne4 Rf5 39. Ke2 Re5 40. Kd3
Kf7 41. Rc2 Bb6 42. Rc6 Kg7 43. Kc4 Kh7 44. Nf6+ Kg7 45. Ne4 Kh7 46. Kd3 Kg7
47. Rc2 Rd5 48. Re2 Kg6 49. Nd2 Kf5 50. g3 Rd6 51. Nc4 Rd5 52. Nxb6 cxb6 53.
Re4 1-0

[Event "Mechanics' Irving Chernev TNM; 30/90, SD"]
[Site "San Francisco"]
[Date "2008.09.02"]
[Round "5.14"]
[White "Todortsev, Victor"]
[Black "Oca, Homer"]
[Result "1-0"]
[WhiteElo "1845"]
[BlackElo "1616"]
[PlyCount "83"]
[EventDate "2008.??.??"]

1. e4 h5 2. d4 c5 3. d5 a6 4. c4 g6 5. Nc3 d6 6. Bd3 e5 7. f4 Bg7 8. Nf3 Bg4 9.
O-O h4 10. h3 Bh5 11. Qe1 Nd7 12. Ng5 Nh6 13. f5 Qf6 14. Qxh4 O-O-O 15. Rb1 Qe7
16. Qf2 Bf6 17. Nf3 gxf5 18. exf5 Rdg8 19. b4 Rh7 20. Ne1 Bh4 21. Qc2 Bxe1 22.
Rxe1 Rhg7 23. Bxh6 Rxg2+ 24. Qxg2 Rxg2+ 25. Kxg2 Qf6 26. Be3 Qh4 27. Ne4 Kc7
28. Bg5 Bf3+ 29. Kxf3 Qxh3+ 30. Ng3 e4+ 31. Rxe4 Qh8 32. Re7 Qc3 33. Rb3 Qa1
34. bxc5 f6 35. Bf4 Kd8 36. cxd6 Nc5 37. Rbxb7 Nxb7 38. Rxb7 Qd4 39. Rb3 a5 40.
Be3 Qe5 41. Rb8+ Kd7 42. Rb7+ 1-0

[Event "Mechanics' Irving Chernev TNM; 30/90, SD"]
[Site "San Francisco"]
[Date "2008.09.02"]
[Round "5.15"]
[White "Periwal, Prashant"]
[Black "Macintyre, Brendan"]
[Result "1-0"]
[WhiteElo "1830"]
[BlackElo "1606"]
[PlyCount "55"]
[EventDate "2008.??.??"]

1. e4 c5 2. Nf3 Nc6 3. Bc4 g6 4. O-O Bg7 5. c3 e6 6. Re1 Nge7 7. Na3 O-O 8. d4
cxd4 9. cxd4 d5 10. exd5 Nxd5 11. Be3 a6 12. Rc1 Nce7 13. Bg5 Re8 14. Bxd5 exd5
15. Qc2 Be6 16. Qc7 b5 17. Qxd8 Raxd8 18. Rc7 Kf8 19. Ra7 Ra8 20. Bxe7+ Rxe7
21. Rxa8+ Re8 22. Rxe8+ Kxe8 23. Ng5 Ke7 24. Nxe6 fxe6 25. Nc2 a5 26. Re3 b4
27. a3 Bh6 28. Rh3 1-0

[Event "Mechanics' Irving Chernev TNM; 30/90, SD"]
[Site "San Francisco"]
[Date "2008.09.02"]
[Round "5.16"]
[White "Cole, Tony"]
[Black "Allen, Tom"]
[Result "0-1"]
[WhiteElo "1292"]
[BlackElo "1529"]
[PlyCount "110"]
[EventDate "2008.??.??"]

1. e4 e5 2. Nf3 Nc6 3. Nc3 Nf6 4. d4 exd4 5. Nxd4 Ne5 6. Bf4 d6 7. Bd3 Bg4 8.
f3 Nxd3+ 9. Qxd3 Bd7 10. O-O-O Be7 11. e5 Nh5 12. Bg3 Nxg3 13. hxg3 dxe5 14.
Nf5 Bf6 15. g4 g6 16. Nh6 Bg5+ 17. Kb1 Bxh6 18. Rxh6 Bc6 19. Qe2 Qe7 20. Nd5
Bxd5 21. Rxd5 f6 22. g5 O-O 23. gxf6 Qxf6 24. Qc4 Qf7 25. Qe4 Qf4 26. Qxf4 exf4
27. Kc1 Rf7 28. Rh1 Re8 29. Rhd1 Kg7 30. R5d3 h5 31. b4 g5 32. Rg1 Rfe7 33. Kd1
Kf6 34. b5 g4 35. fxg4 hxg4 36. Rh1 Re2 37. Rd2 Rxd2+ 38. Kxd2 Re7 39. Kd3 Kg5
40. c4 f3 41. gxf3 gxf3 42. Rg1+ Kf4 43. a4 f2 44. Rf1 Kf3 45. a5 Re1 46. Rxf2+
Kxf2 47. a6 bxa6 48. bxa6 Ra1 49. Kc3 Rxa6 50. Kb4 Rb6+ 51. Ka5 c5 52. Ka4 Ke3
53. Ka3 Kd3 54. Ka4 Kc3 55. Ka5 Kxc4 0-1

[Event "Mechanics' Irving Chernev TNM; 30/90, SD"]
[Site "San Francisco"]
[Date "2008.09.02"]
[Round "5.17"]
[White "Rettenmaier, Robert"]
[Black "Sherwood, Peter"]
[Result "0-1"]
[WhiteElo "1057"]
[BlackElo "1743"]
[PlyCount "96"]
[EventDate "2008.??.??"]

1. e4 c5 2. Nf3 d6 3. d4 cxd4 4. Nxd4 Nf6 5. Nc3 a6 6. Be3 e5 7. Nde2 Be7 8.
Nd5 Nxd5 9. Qxd5 O-O 10. Rd1 Nc6 11. Qd2 Be6 12. a3 f5 13. exf5 Bxf5 14. Ng3
Bg6 15. Bc4+ Kh8 16. O-O Qc7 17. Bd3 Bxd3 18. Qxd3 Rad8 19. Ne4 d5 20. Ng5 e4
21. Qe2 Qc8 22. c3 Qf5 23. Nh3 Ne5 24. Bd4 Bd6 25. Bxe5 Qxe5 26. g3 Qe6 27. Qh5
Rf5 28. Ng5 Qg8 29. Qg4 g6 30. f3 Bc5+ 31. Kg2 e3 32. Rd3 Qe8 33. Re1 Qb5 34.
Rdxe3 Bxe3 35. Rxe3 Qxb2+ 36. Kh3 Qd2 37. Qh4 h5 38. Ne6 Re8 39. Qd4+ Qxd4 40.
cxd4 Rf6 41. Re5 Rexe6 42. Rxd5 Rxf3 43. Rd8+ Kg7 44. Rd7+ Rf7 45. Rd8 Ree7 46.
Rc8 Rd7 47. Rc4 Rd5 48. Kh4 Rfd7 {W resigns} 0-1

[Event "Mechanics' Irving Chernev TNM; 30/90, SD"]
[Site "San Francisco"]
[Date "2008.09.02"]
[Round "5.18"]
[White "Standen, Julian"]
[Black "Morgan, Jerry"]
[Result "1-0"]
[WhiteElo "1644"]
[BlackElo "1425"]
[PlyCount "110"]
[EventDate "2008.??.??"]

1. d4 f5 2. g3 Nf6 3. Bg2 g6 4. c4 Bg7 5. Nf3 O-O 6. O-O d6 7. Nc3 Qe8 8. Qc2
c6 9. b3 Na6 10. a3 Rb8 11. Bb2 e5 12. dxe5 dxe5 13. e3 e4 14. Nd4 Nc5 15. Rad1
Ng4 16. Rd2 Ne5 17. Nd1 Ncd3 18. Ne2 Qe7 19. Nf4 Nxb2 20. Nxb2 Qxa3 21. Rfd1
Qe7 22. c5 Qf7 23. Kh1 g5 24. Ne2 Qh5 25. Ng1 Be6 26. Nc4 Ng4 27. h3 Ne5 28.
Nxe5 Bxe5 29. Bf1 Qf7 30. Bc4 Bxc4 31. bxc4 Qe7 32. g4 Rbd8 33. gxf5 Rxd2 34.
Rxd2 Bf6 35. Rd6 Be5 36. Re6 Qxc5 37. Qxe4 Bg7 38. Re7 b5 39. Qe6+ Kh8 40. Qd7
Qxf5 41. Rxg7 Qxd7 42. Rxd7 Rxf2 43. cxb5 cxb5 44. Rxa7 Rb2 45. Nf3 h6 46. Nd4
Kg8 47. Rb7 b4 48. e4 h5 49. e5 g4 50. hxg4 hxg4 51. e6 g3 52. e7 Kf7 53. Nf5
Re2 54. Nd6+ Kf6 55. e8=Q Rxe8 1-0

[Event "Mechanics' Irving Chernev TNM; 30/90, SD"]
[Site "San Francisco"]
[Date "2008.09.02"]
[Round "5.20"]
[White "Bertot, German"]
[Black "Starr, Albert"]
[Result "0-1"]
[WhiteElo "1580"]
[BlackElo "1536"]
[PlyCount "81"]
[EventDate "2008.??.??"]

1. d4 b5 2. e4 Bb7 3. Nd2 b4 4. a3 a5 5. axb4 axb4 6. Rxa8 Bxa8 7. c3 e6 8. Bd3
Nf6 9. Ngf3 Be7 10. O-O O-O 11. Qc2 g6 12. Re1 c5 13. c4 d6 14. dxc5 dxc5 15.
Ne5 Nbd7 16. Ndf3 Qc7 17. Bf4 Bd6 18. Nxd7 Nxd7 19. e5 Be7 20. Be4 Nb6 21. b3
Rd8 22. Bxa8 Rxa8 23. Bh6 Bf8 24. Qd2 Bg7 25. Qg5 Nd7 26. Bxg7 Kxg7 27. Qe7 Qd8
28. Qd6 h6 29. h3 Qc8 30. Rd1 Ra7 31. Nd2 Ra6 32. Qe7 Nxe5 33. Ne4 Nc6 34. Qf6+
Kg8 35. Nxc5 Ra5 36. Ne4 Rf5 37. Qb2 Qc7 38. Nd6 Rf4 39. Ne8 Qe5 40. Qxe5 Nxe5
41. Nc7 0-1

[Event "Mechanics' Irving Chernev TNM; 30/90, SD"]
[Site "San Francisco"]
[Date "2008.09.02"]
[Round "5.21"]
[White "Litowsky, Daniel"]
[Black "Brooks, Matthew"]
[Result "0-1"]
[WhiteElo "1719"]
[BlackElo "1682"]
[PlyCount "96"]
[EventDate "2008.??.??"]

1. e4 Nc6 2. d4 d6 3. c4 Nf6 4. Nc3 g6 5. h3 Bg7 6. Nf3 O-O 7. Be3 Ne8 8. a3 e5
9. d5 Ne7 10. Bd3 f5 11. exf5 Bxf5 12. Ng5 Bd7 13. Qd2 Nf5 14. O-O-O Nxe3 15.
Qxe3 c6 16. Kb1 Qe7 17. h4 Nf6 18. f3 Bh6 19. dxc6 bxc6 20. Nce4 Nxe4 21. Bxe4
Bf5 22. g4 Bxe4+ 23. Qxe4 Rac8 24. Rd3 Rf4 25. Qe3 Rxc4 26. Rhd1 d5 27. Re1 Bg7
28. Rf1 Rb8 29. Rd2 h6 30. Nh3 Qb7 31. Ka2 e4 32. Rff2 exf3 33. Qxf3 Rf8 34.
Qg3 Rxf2 35. Nxf2 Rc5 36. Nd3 Rb5 37. Qd6 Kh7 38. b4 Qc8 39. Rg2 Rb7 40. Nf4
Qe8 41. Re2 Qf7 42. Re6 Rd7 43. Qxc6 Qxf4 44. Qxd7 Qc4+ 45. Kb1 Qc3 46. Re2
Qd3+ 47. Rc2 Qd1+ 48. Rc1 Qb3# 0-1

[Event "Mechanics' Irving Chernev TNM; 30/90, SD"]
[Site "San Francisco"]
[Date "2008.09.02"]
[Round "5.22"]
[White "Dupree, Chuck"]
[Black "Frank, Robert"]
[Result "1-0"]
[WhiteElo "1630"]
[BlackElo "1245"]
[PlyCount "37"]
[EventDate "2008.??.??"]

1. e4 e5 2. f4 exf4 3. Nf3 d5 4. exd5 Qxd5 5. d4 c5 6. Bxf4 Qe4+ 7. Qe2 Qxe2+
8. Bxe2 Bf5 9. Nc3 Bxc2 10. Nd5 Kd8 11. Ne5 Bg6 12. O-O-O Nf6 13. dxc5 Nfd7 14.
Nxg6 hxg6 15. Nc7 Na6 16. Nxa6 bxa6 17. c6 Rc8 18. Rxd7+ Ke8 19. Bf3 1-0

[Event "Mechanics' Irving Chernev TNM; 30/90, SD"]
[Site "San Francisco"]
[Date "2008.09.02"]
[Round "5.24"]
[White "Capdeville, Barry"]
[Black "Smith, Andrew"]
[Result "1/2-1/2"]
[WhiteElo "1241"]
[BlackElo "1427"]
[PlyCount "81"]
[EventDate "2008.??.??"]

1. e4 c5 2. Nf3 d6 3. d4 cxd4 4. Nxd4 g6 5. Nc3 Bg7 6. Be2 Nf6 7. Be3 O-O 8. f3
a6 9. Qd2 Qc7 10. O-O-O Nc6 11. Kb1 Nxd4 12. Bxd4 Be6 13. Rc1 Qa5 14. b3 Rfc8
15. Qe3 Bd7 16. Na4 Bxa4 17. Bb6 Qe5 18. Bd4 Qe6 19. bxa4 b5 20. a5 Rc6 21. Bb2
Nd5 22. Qb3 Nc3+ 23. Bxc3 Qxb3+ 24. cxb3 Rxc3 25. Rc2 Rxc2 26. Kxc2 Rc8+ 27.
Kd1 Bc3 28. Bd3 Bxa5 29. Bc2 Bb4 30. Bd3 Kg7 31. Ke2 e5 32. h4 Kf6 33. g4 h6
34. Rf1 g5 35. h5 Ba3 36. Rb1 Rc1 37. Rxc1 Bxc1 38. Kd1 Ba3 39. Kc2 Bb4 40. Kb2
Ke6 41. a3 1/2-1/2

[Event "Mechanics' Irving Chernev TNM; 30/90, SD"]
[Site "San Francisco"]
[Date "2008.09.02"]
[Round "5.25"]
[White "Liu, Chang"]
[Black "Seidov, Seid"]
[Result "0-1"]
[WhiteElo "1155"]
[BlackElo "1226"]
[PlyCount "60"]
[EventDate "2008.??.??"]

1. c4 e5 2. Nc3 f5 3. d3 Nf6 4. e4 Bc5 5. a3 d6 6. b4 Bd4 7. Nge2 fxe4 8. Nxd4
exd4 9. Nxe4 O-O 10. Bg5 Qe8 11. f3 Nxe4 12. dxe4 Qh5 13. Bc1 Nc6 14. Be2 Qg6
15. g4 Ne5 16. O-O c5 17. f4 Bxg4 18. Kh1 Qxe4+ 19. Kg1 Bxe2 20. Qe1 Nf3+ 21.
Rxf3 Qxf3 22. Bd2 Rae8 23. Qg3 Re6 24. Re1 Rg6 25. Qxg6 hxg6 26. bxc5 dxc5 27.
h3 Kf7 28. a4 Rh8 29. a5 Rxh3 30. Rxe2 Rh1# 0-1

[Event "Mechanics' Irving Chernev TNM; 30/90, SD"]
[Site "San Francisco"]
[Date "2008.09.09"]
[Round "6.1"]
[White "Pearson, Michael"]
[Black "Gray, William"]
[Result "1-0"]
[WhiteElo "2276"]
[BlackElo "2043"]
[PlyCount "49"]
[EventDate "2008.??.??"]

1. e4 c5 2. Nf3 d6 3. d4 cxd4 4. Nxd4 Nf6 5. Nc3 e6 6. Be2 Be7 7. Be3 O-O 8.
O-O a6 9. f4 Qc7 10. Bf3 Nc6 11. Kh1 Na5 12. Qe1 Nc4 13. Bc1 e5 14. Nf5 Bxf5
15. exf5 exf4 16. Bxf4 Rac8 17. g4 Nxb2 18. g5 Qxc3 19. Qxe7 Ne8 20. g6 Nf6 21.
Bxd6 Nc4 22. Bb4 Qxc2 23. Rac1 Qd3 24. Qxb7 Ne3 25. Qxf7+ 1-0

[Event "Mechanics' Irving Chernev TNM; 30/90, SD"]
[Site "San Francisco"]
[Date "2008.09.09"]
[Round "6.2"]
[White "de Guzman, Ricardo"]
[Black "Shakhnazarov, Oleg"]
[Result "0-1"]
[WhiteElo "2438"]
[BlackElo "2148"]
[PlyCount "100"]
[EventDate "2008.??.??"]

1. e4 e5 2. Nf3 Nc6 3. Bb5 a6 4. Ba4 Nf6 5. O-O Be7 6. Bxc6 dxc6 7. d3 Bg4 8.
h3 Bh5 9. Nbd2 Nd7 10. b3 O-O 11. Bb2 f6 12. Re1 Nc5 13. Nf1 Ne6 14. Ng3 Qe8
15. Kh2 Rd8 16. Nf5 Bc5 17. Rf1 g6 18. Ng3 g5 19. Nxh5 Qxh5 20. Ng1 Qg6 21. Ne2
g4 22. f3 gxh3 23. g3 Kh8 24. f4 exf4 25. Nxf4 Nxf4 26. Rxf4 Bd6 27. Rg4 Qf7
28. Qf3 Be5 29. c3 c5 30. Rd1 Qd7 31. Rf4 Rg8 32. d4 Qd6 33. Rf1 Bxf4 34. Qxf4
Qxf4 35. Rxf4 Rg6 36. d5 Kg7 37. c4 Re8 38. Kxh3 b5 39. Bc3 b4 40. Bb2 a5 41.
a4 bxa3 42. Bxa3 Rb8 43. Rf3 a4 44. bxa4 Rb1 45. Bxc5 Ra1 46. Ba3 Rh6+ 47. Kg4
Rh2 48. Kf5 Kf7 49. Re3 Rf1+ 50. Kg4 h5# 0-1